| 000 | 00599nam a2200205 a 4500 | ||
|---|---|---|---|
| 005 | 20151123093722.0 | ||
| 008 | 140220b1975 lo ||||| |||| 00| 0 eng d | ||
| 040 |
_aCO-BoIAVH _cCO-BoIAVH |
||
| 041 | _aeng | ||
| 044 | _ait | ||
| 090 |
_aLB _b00294 |
||
| 110 |
_bFood and Agriculture Organization of the United Nations _93045 |
||
| 245 | _aFAO danida training course on forest seed collection and handling | ||
| 260 |
_aRoma _bFMAM _c1975 |
||
| 300 | _a2 vol. | ||
| 650 |
_aManejo de semillas _942627 |
||
| 650 |
_aRecolección _92546 |
||
| 650 |
_aSemillas Forestales _942628 |
||
| 942 |
_cINFORME _2z |
||
| 999 |
_c314 _d314 |
||